The blood of olympus/ (Record no. 11803)
[ view plain ]
| 000 -LEADER | |
|---|---|
| fixed length control field | 01890nam a22001697a 4500 |
| 008 - FIXED-LENGTH DATA ELEMENTS--GENERAL INFORMATION | |
| fixed length control field | 190107b ||||| |||| 00| 0 eng d |
| 020 ## - INTERNATIONAL STANDARD BOOK NUMBER | |
| International Standard Book Number | 978-142314673-5 |
| 082 ## - DEWEY DECIMAL CLASSIFICATION NUMBER | |
| Edition number | 2014 |
| Classification number | DFic |
| Item number | R479 |
| 100 ## - MAIN ENTRY--PERSONAL NAME | |
| Personal name | Riordan, Rick |
| 9 (RLIN) | 17672 |
| 245 ## - TITLE STATEMENT | |
| Title | The blood of olympus/ |
| Statement of responsibility, etc. | Rick Riordan |
| 260 ## - PUBLICATION, DISTRIBUTION, ETC. (IMPRINT) | |
| Place of publication, distribution, etc. | Los Angeles |
| Name of publisher, distributor, etc. | Disney • Hyperion |
| Date of publication, distribution, etc. | ©2014 |
| 300 ## - PHYSICAL DESCRIPTION | |
| Extent | 516 pages; |
| Dimensions | 22 cm. |
| 520 ## - SUMMARY, ETC. | |
| Summary, etc. | NICO HAD WARNED THEM. Going through the House of Hades would stir the demigods' worst memories. Their ghosts would become restless. Nico may actually become a ghost if he has to shadow-travel with Reyna and Coach Hedge one more time. But that might be better than the alternative: allowing someone else to die, as Hades foretold.<br/><br/>JASON'S GHOST IS HIS MOTHER, who abandoned him when he was little. He may not know how he is going to prove himself as a leader, but he does know that he will not break promises like she did. He will complete his line of prophecy: To storm or fire the world must fall.<br/><br/>REYNA FEARS THE GHOSTS OF HER ANCESTORS, who radiate anger. But she can't allow them to distract her from getting the Athena Parthenos to Camp Half-Blood before war breaks out between the Romans and the Greeks. Will she have enough strength to succeed, especially with a deadly hunter on her trail?<br/><br/>LEO FEARS THAT HIS PLAN WON'T WORK, that his friends might interfere. But there is no other way. All of them know that one of the Seven has to die in order to defeat Gaea, the Earth Mother,<br/><br/>PIPER MUST LEARN TO GIVE HERSELF OVER TO FEAR. Only then will she be able to do her part at the end: utter a single word.<br/><br/>Heroes, gods, and monsters all have a role to play in the climatic fulfillment of the prophecy in The Blood of Olympus, the electrifying finale of the best-selling Heroes of Olympus series. |
| 650 ## - SUBJECT ADDED ENTRY--TOPICAL TERM | |
| Topical term or geographic name as entry element | Mythology, Greek -- Fiction |
| 9 (RLIN) | 33623 |
| 365 ## - TRADE PRICE | |
| Price amount | 230.00 |
| Currency code | Php |
| 942 ## - ADDED ENTRY ELEMENTS (KOHA) | |
| Source of classification or shelving scheme | Dewey Decimal Classification |
| Koha item type | Digos Fiction |
| Withdrawn status | Lost status | Source of classification or shelving scheme | Damaged status | Not for loan | Collection code | Home library | Current library | Shelving location | Source of acquisition | Cost, normal purchase price | Total Checkouts | Full call number | Barcode | Date last seen | Date last checked out | Copy number | Price effective from | Koha item type |
|---|---|---|---|---|---|---|---|---|---|---|---|---|---|---|---|---|---|---|
| Dewey Decimal Classification | Fiction | UM Digos College - LIC | UM Digos College - LIC | Book Cart | Purchase | 230.00 | 3 | DFic R479 ©2014 | 25386 | 05/15/2025 | 09/26/2024 | 1 | 01/07/2019 | Digos Fiction |
